000 00436nam a2200169Ia 4500
005 20250603145508.0
008 250603s9999 xx 000 0 und d
020 _a9789789241040
050 _aHD 7105.35 .N6 .I59/
100 _aOtinche, S. I.
245 0 _aPension administration in Nigeria: issues in theory and practice
260 _aAbuja
260 _bMarvelous Printers
300 _a339 p
650 _aAbuja
942 _cBK
999 _c42026
_d42026